000 00299nam a22001337a 4500
008 170712b xxu||||| |||| 00| 0 eng d
020 _a087187889
041 _aeng
080 _a030
100 _a26
101 _aENC
245 _aTHE ENCYCLOPEDIA OF DEMOCRACY
_cDIAMOND.L
942 _2udc
_cBK
999 _c20256
_d20256